000 00586nam a2200229Ia 4500
003 OSt
005 20220928123938.0
006 a|||||r|||| 00| 0
007 ta
008 220927b |||||||| |||| 00| 0 eng d
024 _a64614
037 _cTextual
040 _aSDCL
_cSDCL
_beng
041 _2eng
_aeng
082 _aV8:9'N, P1
100 _aSawer Marian Ed.
_9457379
245 0 _aElections
260 _aAnnandale
_bThe Federation Press
_c2001
300 _axv,256p.
_ccm.
942 _hV8:9'N, P1
_cTEXL
_2CC
999 _c775447
_d775447